| 000 | 00465nam a2200193Ia 4500 | ||
|---|---|---|---|
| 003 | GCL | ||
| 008 | 140319s9999 xx 000 0 eng d | ||
| 040 |
_aGCL / _cGCL |
||
| 082 | 0 | 4 |
_a690 _bM H |
| 100 | 1 | _aMOREY, JOAN | |
| 245 | 1 | 0 |
_aHOUSES AND HOMES / _cMOREY, JOAN |
| 700 | 1 | _aCAERTER, KENNEITH E | |
| 260 |
_a[S.N] : _bFREDERICK MULLER ، _c1968 |
||
| 300 | _a64 P | ||
| 650 | 0 | 4 | _aHOMES |
| 650 | 0 | 4 | _aHOUSES |
| 650 | 0 | 4 | _aHOMES ECONOMICS |
| 942 |
_2ddc _cBK |
||
| 999 |
_c15783 _d15783 |
||